000 00522nam a2200217Ia 4500
003 OSt
005 20220924134825.0
006 a|||||r|||| 00| 0
007 ta
008 220923b |||||||| |||| 00| 0 ben d
024 _a287432
037 _cTextual
040 _aARTS
_cARTS
_bben
041 _2ben
_aben
082 _a902, 157J7
100 _aSabhedanand
_9209333
245 0 _aBhartiya sanskriti
260 _c1957
942 _h902, 157J7
_cTEXL
_2CC
999 _c438749
_d438749